| 000 | 00347nam a22001577a 4500 | ||
|---|---|---|---|
| 003 | SGT | ||
| 020 | _a978-93-5025-937-3 | ||
| 082 |
_a615 _bE15T |
||
| 100 | _aTRIPATHI, K.D. | ||
| 245 | _aESSENTIALS OF MEDICAL PHARMACOLOGY | ||
| 250 | _a7TH | ||
| 260 |
_aINDIA _bJAYPEE _c2015 |
||
| 300 | _a1002 | ||
| 650 | _aPHARMACOLOGY | ||
| 942 |
_2ddc _cBK _092 |
||
| 999 |
_c14109 _d14109 |
||